000 00862nam a2200253 i 4500
001 bg
245 0 0 _aBudownictwo ogólne :
_bpraca zbiorowa.
_nT. 1,
_pMateriały i wyroby budowlane /
_cpod kier. Bogusława Stefańczyka ; aut. Wojciech Grabowski [et al.]
260 _aWarszawa :
_b"Arkady",
_c2005.
300 _a926 s. :
_bil. ;
_c25 cm.
504 _aBibliogr. i wykaz norm po rozdz.
650 9 _aMateriały budowlane
650 9 _aBudownictwo
655 _aPodręczniki akademickie
700 1 _aStefańczyk, Bogusław.
_eRed.
700 1 _aGrabowski, Wojciech
_c(drogownictwo).
020 _a8321343341
040 _cBPK
041 _apol
080 _a691(075.8)
920 _a83-213-4334-1
942 _cKS
008 s pl f |000 0 pol
999 _c45814
_d45814
856 _uhttp://koha.tu.koszalin.pl/cgi-bin/koha/opac-detail.pl?biblionumber=45814
_yKatalog online BPK